| 000 | 00926nam a22001937a 4500 | ||
|---|---|---|---|
| 999 |
_c60475 _d60475 |
||
| 003 | Ge_BSU | ||
| 005 | 20230728135312.0 | ||
| 008 | 230728s2022ge xxu||||| |||| 00| 0 geo d | ||
| 041 | _ageo | ||
| 080 | _a632 ა-36 | ||
| 245 | _aაზიური ფაროსანა (აზიური ბაღლინჯო) | ||
| 264 |
_aთბილისი, _c[2022]. |
||
| 300 |
_a14 გვ.: _bილ; _c28 სმ. |
||
| 440 |
_aაგროსფერო _919560 |
||
| 653 | _aაზიური ფაროსანა (აზიური ბაღლინჯო) | ||
| 653 | _aმცენარეთა მავნებლები, მცენარეთა დაავადებანი, მცენარეთა დაცვა. | ||
| 856 |
_uhttps://agrosphere.ge/manager/filemanager/files/4/Files/Pests&Diseases/BMSB/BMSB.pdf _yელექტრონული ვერსია |
||
| 942 |
_2udc _cBK |
||